ბათუმის შოთა რუსთაველის სახელმწიფო უნივერსიტეტის ბიბლიოთეკა

თანამედროვე საერთაშორისო ორგანიზაციების სამართალი : (ბიბ.ჩანაწერი № 63174)

000 -ლიდერი
ფიქსირებული სიგრძის საკონტროლო ველი 01244nam a22002177a 4500
003 - საკონტროლო ნომრის იდენტიფიკატორი
საკონტროლო ველი Ge_BSU
005 - ბოლო ოპერაციის თარიღი და დრო
საკონტროლო ველი 20250618130132.0
008 - ფიქსირებული სიგრძის მონაცემთა ელემენტები - ზოგადი ინფორმაცია
ფიქსირებული სიგრძის საკონტროლო ველი 250618s2023 ge ||||| |||| 00| 0 geo d
020 ## - წიგნის საერთაშორისო სტანდარტული ნომერი
International Standard Book Number 9789941344312
041 ## - ენის კოდი
Language code of text/sound track or separate title geo
080 ## - უნივერსალური ათობითი კლასიფიკაციის ინდექსი
Universal Decimal Classification number 327.7: 341.1 გ-43
100 ## - მთავარი ჩანაწერი - პიროვნების სახელი
Personal name გეფერიძე, დავით
9 (RLIN) 2831
245 ## - ცნობა სათაურის შესახებ
Title თანამედროვე საერთაშორისო ორგანიზაციების სამართალი :
Remainder of title [სახელმძღვანელო] /
Statement of responsibility, etc დავით გეფერიძე, ავთანდილ ხაზალია; რედაქტორი ირინე ქურდაძე.
264 ## - წარმოების, გამოცემის, დისტრიბუციის და სხვა ცნობები
გამოცემის, წარმოების, დისტრიბუციის... ადგილი თბილისი :
გამოცემის, წარმოების, დისტრიბუციის... სახელწოდება მერიდიანი,
გამოცემის, წარმოების, დისტრიბუციის... თარიღი 2023.
300 ## - ფიზიკური აღწერა
Extent 444 გვ. ;
Other physical details 20 სმ.
504 ## - BIBLIOGRAPHY, ETC. NOTE
Bibliography, etc ბიბლიოგრაფია ტექსტის შენიშნებში.
653 ## - INDEX TERM--UNCONTROLLED
Uncontrolled term საერთაშორისო ორგანიზაციების სამართალი
700 ## - ADDED ENTRY--PERSONAL NAME
Personal name ხაზალია, ავთანდილ
Relator term ავტორი
9 (RLIN) 9367
700 ## - ADDED ENTRY--PERSONAL NAME
Personal name ქურდაძე, ირინე
Relator term რედაქტორი
9 (RLIN) 17030
942 ## - ADDED ENTRY ELEMENTS (KOHA)
Source of classification or shelving scheme
Koha item type წიგნი
ეგზემპლარები
ჩამოწერის სტატუსი დაკარგული ეგზემპლარის სტატუსი კლასიფიკაციის წყარო ან თაროზე გაწყობის სქემა დაზიანების სტატუსი არ გაიცემა მუდმივი მდებარეობა (დაცვის ადგილი) ამჟამინდელი ადგილსამყოფელი თაროზე განთავსების ადგილი შეძენის თარიღი ღირებულება, შესყიდვის ნორმალური ფასი სრული შენახვის შიფრი შტრიხკოდი ბოლო ოპერაციის თარიღი ეგზემპლარის მიმდევრობითი ნომერი (კეტერი?) ფასის ძალაში შესვლის თარიღი ეგზემპლარის სახეობა საჯარო შენიშვნა
          ბათუმის შოთა რუსთაველის სახელმწიფო უნივერსიტეტის მთავარი ბიბლიოთეკა ბათუმის შოთა რუსთაველის სახელმწიფო უნივერსიტეტის მთავარი ბიბლიოთეკა წიგნსაცავი 2025-06-18 30.00 327.7: 341.1 გ-43 71872 2025-06-18 71872 2025-06-18 წიგნი 30 ლ.
          ბათუმის შოთა რუსთაველის სახელმწიფო უნივერსიტეტის მთავარი ბიბლიოთეკა ბათუმის შოთა რუსთაველის სახელმწიფო უნივერსიტეტის მთავარი ბიბლიოთეკა წიგნსაცავი 2025-06-18 30.00 327.7: 341.1 გ-43 71873 2025-06-18 71873 2025-06-18 წიგნი 30 ლ.
          ბათუმის შოთა რუსთაველის სახელმწიფო უნივერსიტეტის მთავარი ბიბლიოთეკა ბათუმის შოთა რუსთაველის სახელმწიფო უნივერსიტეტის მთავარი ბიბლიოთეკა წიგნსაცავი 2025-06-18 30.00 327.7: 341.1 გ-43 71874 2025-06-18 71874 2025-06-18 წიგნი 30 ლ.